000 00816cam a22002653a 4500
001 5893
003 PGUSA
005 20140828083125.0
008 040601s2004||||xxu|||||s|||||000 1 eng d
040 _aPGUSA
_beng
042 _adc
050 4 _aPZ
100 1 _aWells, Carolyn,
_d1862-1942
245 1 0 _aTwo Little Women on a Holiday
_h[electronic resource] /
_cCarolyn Wells
260 _bProject Gutenberg,
_c2004
506 _aPublic domain in the USA.
516 _aElectronic text
653 _aThieves -- Juvenile fiction
653 _aBest friends -- Juvenile fiction
653 _aEntertaining -- Juvenile fiction
653 _aNew York (N.Y.) -- Social life and customs -- Juvenile fiction
830 0 _aProject Gutenberg
_v5893
856 4 0 _uhttp://www.gutenberg.org/ebooks/5893
942 _cEB
999 _c235221
_d235221